[Event "Oberliga Wuerttemberg 1718"]
[Site "Wuerttemberg"]
[Date "2018.04.22"]
[Round "9.32"]
[White "Kuhn, Magnus"]
[Black "Hosticka, Frantisek"]
[Result "1-0"]
[WhiteElo "1663"]
[BlackElo "2115"]
[PlyCount "95"]
[EventDate "2017.09.17"]
[EventType "team-tourn"]
[EventRounds "9"]
[EventCountry "GER"]
[SourceTitle "EXT 2019"]
[Source "ChessBase"]
[SourceDate "2018.10.10"]
[SourceVersion "1"]
[SourceVersionDate "2018.10.10"]
[SourceQuality "1"]
[WhiteTeam "Stuttgart Wolfbusch"]
[BlackTeam "Weiler im Allgaeu"]
[WhiteTeamCountry "GER"]
[BlackTeamCountry "GER"]

1. e4 Nf6 2. e5 Nd5 3. d4 d6 4. c4 Nb6 5. exd6 exd6 6. Nc3 Be7 7. Bd3 0-0 8. h3 Nc6 9. Nf3 Re8 10. 0-0 g6 11. a3 Bf6 12. Ne2 a5 13. b3 a4 14. b4 d5 15. c5 Nc4 16. Ra2 b5 17. Nf4 Ne7 18. g4 c6 19. Re2 Bd7 20. Kg2 Nc8 21. Rxe8+ Bxe8 22. Re1 Ra7 23. Bxc4 bxc4 24. b5 cxb5 25. Nxd5 Bc6 26. Nxf6+ Qxf6 27. d5 Bd7 28. c6 Nd6 29. cxd7 Rxd7 30. Bg5 Qb2 31. Bc1 Qc3 32. Qd4 Qxd4 33. Nxd4 c3 34. Re2 Kg7 35. Kf3 Nc4 36. Nxb5 Rxd5 37. Nc7 Rd3+ 38. Kg2 f5 39. gxf5 gxf5 40. Ne6+ Kf7 41. Nc5 Rd2 42. Kf3 Rd1 43. Rc2 Ne5+ 44. Ke2 Rh1 45. Rxc3 h5 46. Nxa4 Ke6 47. Nb6 Nf3 48. Rc6+ 1-0

[Event "Oberliga Wuerttemberg 1718"]
[Site "Wuerttemberg"]
[Date "2018.03.18"]
[Round "8"]
[White "Stiepan, Hans Michael"]
[Black "Kuhn, Magnus"]
[Result "1-0"]
[WhiteElo "2124"]
[BlackElo "1663"]
[PlyCount "155"]
[EventDate "2017.09.17"]
[EventType "team-tourn"]
[EventRounds "9"]
[EventCountry "GER"]
[SourceTitle "EXT 2019"]
[Source "ChessBase"]
[SourceDate "2018.10.10"]
[SourceVersion "1"]
[SourceVersionDate "2018.10.10"]
[SourceQuality "1"]
[WhiteTeam "Jedesheim"]
[BlackTeam "Stuttgart Wolfbusch"]
[WhiteTeamCountry "GER"]
[BlackTeamCountry "GER"]

1. d4 d5 2. Nf3 Nf6 3. c4 c6 4. Nc3 dxc4 5. a4 Bf5 6. e3 e6 7. Bxc4 Bb4 8. 0-0 0-0 9. Qe2 Nbd7 10. e4 Bg6 11. Bd3 Qa5 12. e5 Bxd3 13. Qxd3 Nd5 14. Ng5 f5 15. Nxe6 Rf7 16. Nxd5 cxd5 17. Rd1 Rc8 18. Bd2 Nb6 19. Nc5 Nc4 20. e6 Rff8 21. Bxb4 Qxb4 22. b3 Nd6 23. Qg3 Ne4 24. Qe5 Nxc5 25. dxc5 Qxc5 26. Rxd5 Qc3 27. Re1 Qxe5 28. Rdxe5 Rfe8 29. g3 g6 30. R1e3 Rc6 31. Kg2 Kg7 32. Rd5 Re7 33. Rd8 Kf6 34. Rf8+ Kg7 35. Rd8 Kf6 36. Rf8+ Kg7 37. Ra8 a6 38. Rd8 Kf6 39. Rf8+ Kg7 40. Rd8 Kf6 41. Kf3 Rexe6 42. Red3 Rb6 43. R8d7 Rb4 44. Rxh7 Reb6 45. Rdd7 Rxb3+ 46. Kg2 Ra3 47. Rde7 Re6 48. Rxb7 Ke5 49. Rb4 Kd5 50. Rg7 Ke5 51. h4 Kf6 52. Rgb7 Ra2 53. Rc4 Ke5 54. Rbc7 Kf6 55. R7c6 a5 56. R6c5 Ra6 57. Rf4 Rb2 58. Rfc4 Rb4 59. Rxa5 Rab6 60. Rxb4 Rxb4 61. Ra6+ Kg7 62. Kf3 Re4 63. a5 Ra4 64. Ke3 Ra1 65. Ra8 Ra2 66. a6 Ra1 67. Kd4 Rd1+ 68. Kc5 Rc1+ 69. Kb6 Rb1+ 70. Ka7 Rb2 71. Rb8 Re2 72. Rb7+ Kf8 73. Kb8 Re8+ 74. Kc7 Re7+ 75. Kc8 Re8+ 76. Kd7 Re7+ 77. Kd6 Re8 78. a7 1-0

[Event "GER-ch U12"]
[Site "Oberhof"]
[Date "2012.05.28"]
[Round "3"]
[White "Kuhn, Magnus"]
[Black "Nothnagel, Marian Can"]
[Result "1/2-1/2"]
[WhiteElo "1562"]
[BlackElo "1732"]
[PlyCount "62"]
[EventDate "2012.05.27"]
[EventType "swiss"]
[EventRounds "11"]
[EventCountry "GER"]
[SourceTitle "CBM 148 Extra"]
[Source "ChessBase"]
[SourceDate "2012.06.22"]
[SourceVersion "1"]
[SourceVersionDate "2012.06.22"]
[SourceQuality "1"]

1. e4 e5 2. Nf3 Nc6 3. Bb5 a6 4. Ba4 Nf6 5. 0-0 Be7 6. Re1 b5 7. Bb3 d6 8. c3 0-0 9. h3 Na5 10. Bc2 c5 11. d4 Qc7 12. Nbd2 cxd4 13. cxd4 Nc6 14. d5 Nb4 15. Bb1 a5 16. Nf1 Bd7 17. Bd2 Na6 18. Bc2 Nc5 19. Ng3 g6 20. Qe2 b4 21. Rec1 Qb8 22. Ne1 Bb5 23. Qe3 Ba6 24. b3 Bd8 25. Qf3 Ne8 26. Bh6 Ng7 27. Nd3 Bxd3 28. Bxd3 f6 29. Be2 Rf7 30. Be3 Bb6 31. Bc4 Qf8 1/2-1/2

[Event "Stuttgart-chB int"]
[Site "Ditzingen"]
[Date "2012.05.19"]
[Round "6"]
[White "Beyer, Andre"]
[Black "Kuhn, Magnus"]
[Result "1/2-1/2"]
[WhiteElo "1417"]
[BlackElo "1658"]
[PlyCount "49"]
[EventDate "2012.05.17"]
[EventType "swiss"]
[EventRounds "7"]
[EventCountry "GER"]
[SourceTitle "EXT 2018"]
[Source "ChessBase"]
[SourceDate "2017.10.13"]
[SourceVersion "1"]
[SourceVersionDate "2017.10.13"]
[SourceQuality "1"]

1. d4 d5 2. e4 dxe4 3. Nc3 e6 4. f3 e3 5. Bxe3 Nf6 6. Bd3 Be7 7. Nge2 0-0 8. 0-0 Nbd7 9. Qe1 Re8 10. Ng3 Nb6 11. Qf2 Nbd5 12. Nxd5 Nxd5 13. Bd2 Bd7 14. a3 Rc8 15. c4 Nb6 16. Kh1 c5 17. Be3 cxd4 18. Bxd4 Nxc4 19. Bxa7 Ba4 20. Bxc4 Rxc4 21. Rfc1 Qc7 22. Rxc4 Qxc4 23. Ne4 Rc8 24. Nc3 Bf6 25. Rc1 1/2-1/2

[Event "Stuttgart-chB int"]
[Site "Ditzingen"]
[Date "2012.05.17"]
[Round "2"]
[White "Wuebbens, Carsten"]
[Black "Kuhn, Magnus"]
[Result "1/2-1/2"]
[WhiteElo "1415"]
[BlackElo "1658"]
[PlyCount "104"]
[EventDate "2012.05.17"]
[EventType "swiss"]
[EventRounds "7"]
[EventCountry "GER"]
[SourceTitle "EXT 2018"]
[Source "ChessBase"]
[SourceDate "2017.10.13"]
[SourceVersion "1"]
[SourceVersionDate "2017.10.13"]
[SourceQuality "1"]

1. d4 d5 2. c4 e6 3. Nf3 Nf6 4. Nc3 Be7 5. Bg5 Nbd7 6. e3 0-0 7. c5 Re8 8. Bd3 Nf8 9. 0-0 Ng6 10. b4 c6 11. Qc2 Nd7 12. Bxg6 hxg6 13. Bf4 Bf6 14. Rfe1 e5 15. dxe5 Nxe5 16. Nxe5 Bxe5 17. Bxe5 Rxe5 18. Ne2 Qh4 19. a3 Rh5 20. h3 Qf6 21. Qc3 Re5 22. Ng3 Re8 23. Qxf6 gxf6 24. Rad1 Be6 25. Rd4 a5 26. e4 axb4 27. axb4 Ra3 28. exd5 cxd5 29. Rxd5 Rea8 30. Rd4 Rb3 31. Ne4 Kg7 32. Rc1 Ra4 33. Nd6 Rbxb4 34. Rxb4 Rxb4 35. f3 Rb2 36. Ne8+ Kf8 37. Nxf6 Ke7 38. Ne4 f5 39. Nf2 Rb3 40. h4 Rb4 41. g3 Rb3 42. c6 bxc6 43. Rxc6 Rxf3 44. Kg2 Ra3 45. Rc2 Bd5+ 46. Kh2 Kd6 47. Rd2 Ke5 48. Nd3+ Kf6 49. Nf4 Be4 50. Rd6+ Ke7 51. Rxg6 Ra1 52. g4 Rh1+ 1/2-1/2

[Event "GER-ch U10"]
[Site "Oberhof"]
[Date "2011.06.12"]
[Round "2"]
[White "Kuhn, Magnus"]
[Black "Ott, Josef Sebastian"]
[Result "1-0"]
[WhiteElo "1579"]
[BlackElo "1327"]
[PlyCount "59"]
[EventDate "2011.06.11"]
[EventType "swiss"]
[EventRounds "11"]
[EventCountry "GER"]
[SourceTitle "CBM 142 Extra"]
[Source "ChessBase"]
[SourceDate "2011.06.27"]
[SourceVersion "1"]
[SourceVersionDate "2011.06.27"]
[SourceQuality "1"]

1. e4 e6 2. d4 d5 3. e5 c5 4. c3 Nc6 5. Nf3 Bd7 6. Be2 f6 7. 0-0 cxd4 8. cxd4 fxe5 9. Nxe5 Nxe5 10. dxe5 Bc5 11. Bd3 g6 12. Nc3 Qe7 13. Qc2 0-0-0 14. b4 Bxb4 15. Nxd5+ Qc5 16. Nxb4 Qxc2 17. Nxc2 Ba4 18. Be4 Ne7 19. Bg5 Rd7 20. Bxe7 Rxe7 21. Rfd1 Rc7 22. Rdc1 Kb8 23. Nd4 Re8 24. Rxc7 Kxc7 25. Rc1+ Kb6 26. Kf1 Rd8 27. Rb1+ Ka5 28. Nf3 Bb5+ 29. Ke1 Kb6 30. a4 1-0